000 00418nam a2200181Ia 4500
001 11483
005 20260306162831.0
008 260306t1978||||xx |||||||||||||| ||spa||
041 _aESP
082 _a985.06
_bT48
100 _aThorndike, Guillermo
_eAUT
245 0 _aVienen los chilenos
260 _c1978
300 _a420 páginas :
_c20 cm.
650 _aGEN
654 _aCHU
942 _cLIB
_dJUS
_fJUS
_2ddc
_n
999 _c11483
_d11483